00434nam a2200157Ia 4500008004100000020001800041082001800059100002200077245003500099250000800134260004200142300002400184500001900208600003300227650001600260240925s9999 xx 000 0 und d a9788177584059 a519.40285 MAT aMathews, John H. 0aNumerical Methods Using Matlab a4th aNew Delhi:bPearson Educationc,2008. a575p.bNAfOriginal aIncludes Index aHumanities & Natural Science aMathematics